00343nam a2200133Ia 4500008004100000020001500041041001200056082001600068100001700084245005600101260003200157300000800189650001200197221030s9999 xx 000 0 und d a8125901582 aEnglish a105.23bRan aS. Rangnekar 0aIn The World Of Corporate Managerscby S. Rangnekar bVikas Pub.aNew Delhic1996 a230 aGeneral